[Event "Volmac tournament, junior group"]
[Site "Antwerp"]
[Date "1993.08.15"]
[Round "9"]
[White "Eriksson, Johan"]
[Black "Antonsen, Mikkel"]
[Result "0-1"]
[WhiteElo "2305"]
[BlackElo "2385"]
[BlackTitle "IM"]
[Source "ChessBase"]

1. d4 Nf6 2. Bg5 Ne4 3. h4 c5 4. e3 Qa5+ 5. Nd2 e6 6. Bd3 Nxd2 7. Qxd2 Qxd2+
8. Kxd2 b6 9. h5 h6 10. Bf4 Bb7 11. f3 Nc6 12. c3 d6 13. Bg3 Be7 14. Ne2 O-O
15. Bh4 Bxh4 16. Rxh4 e5 17. Rg1 cxd4 18. exd4 Ne7 19. Ng3 f5 20. dxe5 dxe5
21. Rc4 Rad8 22. Rc7 Ba6 23. c4 f4 24. Ne4 Nf5 25. Kc3 Rf7 26. Rxf7 Kxf7 27. b4
Ne3 28. b5 Bb7 29. a4 Bxe4 30. Bxe4 Kf6 31. g3 Rd1 32. Rxd1 Nxd1+ 33. Kb3 fxg3
34. f4 exf4 35. c5 Nf2 36. Bf3 Nd3 37. cxb6 axb6 38. a5 bxa5 39. b6 Nc5+ 40. Kc4
Nd7 41. b7 Ke5 42. Kb5 Kd6 0-1

[Event "Volmac tournament, junior group"]
[Site "Antwerp"]
[Date "1993.08.15"]
[Round "9"]
[White "Hausrath, Daniel"]
[Black "Van Beers, Eddy"]
[Result "1/2-1/2"]
[WhiteElo "2280"]
[BlackElo "2175"]
[Source "ChessBase"]

1. d4 Nf6 2. c4 c5 3. d5 b5 4. cxb5 a6 5. b6 a5 6. Nc3 Ba6 7. Nf3 g6 8. e4 Bxf1
9. Kxf1 d6 10. Qa4+ Nfd7 11. e5 dxe5 12. b7 Ra7 13. Nxe5 Rxb7 14. Nc6 Qb6
15. Bf4 Bg7 16. Nxb8 Rxb8 17. Bxb8 Qxb2 18. Rb1 Qxc3 19. Ke2 Qd4 20. Qxd4 Bxd4
21. Bf4 O-O 22. Be3 Bc3 23. Rb7 Rd8 24. a3 Nf6 25. Bxc5 Rxd5 26. Bxe7 Rd2+
27. Kf3 Rd3+ 28. Ke2 Rd2+ 29. Kf3 1/2-1/2

[Event "Volmac tournament, junior group"]
[Site "Antwerp"]
[Date "1993.08.15"]
[Round "9"]
[White "Teplitsky, Yan"]
[Black "Forster, Richard"]
[Result "1-0"]
[WhiteElo "2345"]
[BlackElo "2305"]
[BlackTitle "FM"]
[Source "ChessBase"]

1. Nf3 Nf6 2. c4 g6 3. Nc3 Bg7 4. e4 d6 5. d4 O-O 6. Be2 e5 7. d5 a5 8. h4 Na6
9. Nd2 h5 10. Nf1 Nc5 11. Bg5 c6 12. Nd2 Qb6 13. Qc2 Bd7 14. dxc6 Bxc6 15. Be3
Ng4 16. Bxg4 hxg4 17. Nb3 f5 18. Rd1 g3 19. Rxd6 a4 20. Nxc5 f4 21. N5xa4 Qc7
22. Rxc6 Qxc6 23. Bc5 Rfd8 24. b3 f3 25. fxg3 fxg2 26. Rg1 Bf8 27. Bxf8 Rxf8
28. Qxg2 Qe6 29. Nd5 Rac8 30. Nac3 Rf7 31. g4 Rcf8 32. g5 Rf2 33. Qxf2 Rxf2
34. Kxf2 Qh3 35. Ne3 Qxh4+ 36. Ke2 Kg7 37. c5 Qh3 38. b4 Qe6 39. Rc1 Qa6+
40. Kd2 Qa3 41. Nc2 Qa6 42. a4 Qc4 43. a5 Kf7 44. Rh1 Kg7 45. Ra1 Kf7 46. b5
Qxc5 47. a6 bxa6 48. bxa6 Qf2+ 49. Kd3 Qa7 50. Kc4 Ke6 51. Nb4 Qd4+ 52. Kb3 Qa7
53. Ra5 Qb6 54. Rb5 Qc7 55. Rb7 Qd8 56. a7 Qa5 57. Rb6+ Kf7 58. Ra6 1-0

[Event "Volmac tournament, open section"]
[Site "Antwerp"]
[Date "1993.08.07"]
[Round "1"]
[White "Lputian, Smbat Gariginovich"]
[Black "Maahs, Erich"]
[Result "1-0"]
[WhiteElo "2565"]
[BlackElo "2275"]
[WhiteTitle "GM"]
[Source "365chess.com"]

1. d4 Nf6 2. c4 e6 3. Nf3 b6 4. a3 Ba6 5. Qc2 Bb7 6. Nc3 c5 7. e4 cxd4 8. Nxd4
d6 9. f4 Be7 10. Be2 O-O 11. g4 Nc6 12. Nxc6 Bxc6 13. g5 Nd7 14. h4 Rc8 15. Be3
Qc7 16. O-O-O Rfe8 17. h5 a6 18. Kb1 b5 19. cxb5 axb5 20. Nxb5 Qb7 21. Nc3 d5
22. g6 fxg6 23. hxg6 h6 24. Ka2 Nb6 25. Qb3 Na4 26. Nb5 Nb6 27. Bxb6 Qxb6
28. exd5 Bxd5 29. Rxd5 exd5 30. Qxd5+ Kh8 31. Rxh6+ gxh6 32. Qf7 1-0

[Event "Volmac tournament, open section"]
[Site "Antwerp"]
[Date "1993.08.09"]
[Round "3"]
[White "Bezemer, Arno"]
[Black "Ulibin, Mikhail"]
[Result "0-1"]
[WhiteElo "2235"]
[BlackElo "2560"]
[BlackTitle "GM"]
[Source "365chess.com"]

1. e4 e6 2. d4 d5 3. Nc3 Bb4 4. Ne2 dxe4 5. a3 Bxc3+ 6. Nxc3 Nc6 7. Be3 Nf6
8. Qd2 h6 9. O-O-O Ne7 10. g3 Ned5 11. Bg2 Nxc3 12. Qxc3 Bd7 13. Bf4 Bc6 14. Qe1
Qd5 15. b3 a5 16. c4 Qf5 17. a4 O-O 18. Bxc7 Rfc8 19. Be5 Ng4 20. Bh3 Qf3
21. Bxg4 Qxb3 22. c5 Bxa4 23. Rd2 b6 24. Rb2 Qc4+ 25. Kb1 bxc5 26. Be2 Qd5
27. Qc3 f6 28. Bc4 Qc6 29. dxc5 fxe5 30. Qxe5 Kh8 31. Re1 Qxc5 32. Qxc5 Rxc5
33. Rxe4 Bc6 34. Rh4 g5 0-1

[Event "Volmac tournament, open section"]
[Site "Antwerp"]
[Date "1993.08.09"]
[Round "3"]
[White "Carlier, Bruno"]
[Black "Rozentalis, Eduardas"]
[Result "1/2-1/2"]
[WhiteElo "2360"]
[BlackElo "2600"]
[WhiteTitle "IM"]
[BlackTitle "GM"]
[Source "365chess.com"]

1. e4 e5 2. Bc4 Nf6 3. d3 Nc6 4. Nc3 Na5 5. Nge2 Nxc4 6. dxc4 g6 7. Qd3 d6
8. f3 Be6 9. Be3 Nd7 10. O-O-O b6 11. Kb1 Nc5 12. Bxc5 bxc5 13. Nd5 Bg7 14. Qa3
c6 15. Ne3 Qc7 16. Rd3 O-O 17. Rhd1 Rad8 18. Nc1 f5 19. Qa4 fxe4 20. fxe4 Bh6
21. Nb3 Rd7 22. Na5 Rf2 23. Nxc6 Bxe3 24. Rxe3 Rxg2 25. Ra3 Rxh2 26. Nxa7 Kg7
27. Nb5 Qc6 28. Rad3 Bg4 29. Rc1 h5 30. Qa5 h4 31. Qe1 h3 32. Qh4 Qxe4 33. Nxd6
Rxd6 34. Qe7+ Kh6 35. Qh4+ Kg7 36. Qe7+ Kh6 37. Qh4+ 1/2-1/2

[Event "Volmac tournament, open section"]
[Site "Antwerp"]
[Date "1993.08.09"]
[Round "3"]
[White "Glek, Igor"]
[Black "Claesen, Pieter"]
[Result "1-0"]
[WhiteElo "2535"]
[BlackElo "2240"]
[WhiteTitle "GM"]
[Source "365chess.com"]

1. e4 c6 2. d4 g6 3. Nc3 d5 4. h3 Bg7 5. Nf3 Nf6 6. Bd3 O-O 7. e5 Nfd7 8. Ne2
c5 9. c3 Nc6 10. O-O cxd4 11. cxd4 f6 12. e6 Nb6 13. Nf4 Qd6 14. Re1 f5 15. Bb5
Nd8 16. a4 Bxe6 17. b3 Bd7 18. Bf1 e6 19. Nd3 Re8 20. Ba3 Qc7 21. Nc5 Nc6
22. Rc1 Rad8 23. Ng5 Qc8 24. a5 Na8 25. a6 b6 26. Nxd7 Qxd7 27. Bb5 Rc8 28. Nf3
Rc7 29. Ne5 Bxe5 30. dxe5 Qc8 31. Bd6 1-0

[Event "Volmac tournament, open section"]
[Site "Antwerp"]
[Date "1993.08.09"]
[Round "3"]
[White "Nijboer, Friso"]
[Black "Baert, Andy"]
[Result "1-0"]
[WhiteElo "2555"]
[BlackElo "2245"]
[WhiteTitle "GM"]
[Source "365chess.com"]

1.e4 c5 2.Nf3 d6 3.d4 cxd4 4.Nxd4 Nf6 5.Nc3 e6 6.f4 Be7 7.Bd3 Nc6 8.Nf3 a6 
9.a4 Qc7 10.O-O O-O 11.Qe1 Nb4 12.e5 Nxd3 13.cxd3 Nd7 14.d4 b6 15.Bd2 Bb7 
16.Rc1 Qc4 17.Ne2 Qxa4 18.Rc7 Bc8 19.Qc1 dxe5 20.fxe5 Qb3 21.Qc6 Qd5 22.Qxd5
 exd5 23.Rfc1 Rd8 24.Nf4 Kf8 25.Nxd5 Rb8 26.Nxe7 Kxe7 27.Bg5+ f6 28.exf6+ gxf6
 29.Ne5 Bb7 30.Bxf6+ Kxf6 31.Nxd7+ 1-0

[Event "Volmac tournament, open section"]
[Site "Antwerp"]
[Date "1993.08.09"]
[Round "3"]
[White "Hway Ik Oei"]
[Black "Wojtkiewicz, Aleksander"]
[Result "0-1"]
[WhiteElo "2245"]
[BlackElo "2570"]
[BlackTitle "GM"]
[Source "365chess.com"]

1. d4 Nf6 2. c4 e6 3. Nc3 c5 4. d5 exd5 5. cxd5 d6 6. e4 g6 7. f4 Bg7 8. Bb5+
Nbd7 9. e5 dxe5 10. fxe5 Nh5 11. e6 Qh4+ 12. Kd2 fxe6 13. dxe6 O-O 14. exd7 Rf2+
15. Nge2 Bxd7 16. Bxd7 Rd8 17. Kc2 Bxc3 18. Qd5+ Kh8 19. bxc3 Rxe2+ 20. Kb3 b5
21. g4 Qe7 22. Bxb5 Rxd5 23. Bxe2 Qxe2 24. gxh5 Rd6 0-1

[Event "Volmac tournament, open section"]
[Site "Antwerp"]
[Date "1993.08.09"]
[Round "3"]
[White "Ruban, Vadim"]
[Black "Weemaes, Ronald"]
[Result "1-0"]
[WhiteElo "2590"]
[BlackElo "2335"]
[WhiteTitle "GM"]
[BlackTitle "IM"]
[Source "365chess.com"]

1. d4 Nf6 2. c4 c5 3. d5 b5 4. cxb5 a6 5. e3 axb5 6. Bxb5 Ba6 7. Bxa6 Nxa6
8. Nc3 d6 9. Nf3 g6 10. O-O Bg7 11. e4 O-O 12. Bf4 Qb6 13. Qd2 Rfb8 14. Rab1 Rb7
15. h3 Rd8 16. Rfe1 Nc7 17. Bh6 Bh8 18. Qc2 Qa6 19. b3 Nd7 20. Nd2 Ne5 21. Re3
Rdb8 22. f4 Nd7 23. Kh1 Nb6 24. a4 Qa5 25. Rd1 c4 26. bxc4 Qc5 27. Qd3 Na6
28. e5 Nb4 29. Qe4 f5 30. exf6 Bxf6 31. f5 Qd4 32. Qe6+ Kh8 33. Nde4 1-0

[Event "Volmac tournament, open section"]
[Site "Antwerp"]
[Date "1993.08.09"]
[Round "3"]
[White "Tukmakov, Vladimir Borisovich"]
[Black "Grooten, Herman"]
[Result "1/2-1/2"]
[WhiteElo "2600"]
[BlackElo "2375"]
[WhiteTitle "GM"]
[BlackTitle "IM"]
[Source "365chess.com"]

1. d4 Nf6 2. c4 e6 3. Nf3 b6 4. g3 Ba6 5. b3 Bb4+ 6. Bd2 Be7 7. Bg2 Bb7 8. Nc3
d5 9. cxd5 exd5 10. O-O O-O 11. Qc2 Na6 12. Bf4 Qc8 13. Rad1 Rd8 14. Be5 c5
15. Qb2 h6 16. Ne1 Nc7 17. Nd3 Ne6 18. e3 c4 19. Bxf6 Bxf6 20. Nb4 Nc7 21. a4 a6
22. e4 b5 23. axb5 axb5 24. exd5 Be7 25. bxc4 bxc4 26. Nc6 Ba3 27. Qb1 Bxc6
28. dxc6 Rb8 29. Qc2 Rb2 30. Qa4 Bb4 31. Na2 Bd2 32. Qxc4 Qe6 33. d5 Qd6 34. Qd4
Rxa2 35. Rxd2 Rxd2 36. Qxd2 Qxc6 37. dxc6 Rxd2 38. Rb1 Kf8 39. Rb7 Rd1+ 40. Bf1
Ne8 41. Kg2 Re1 42. Bc4 Re7 43. f4 Rc7 44. Kf2 Ke7 45. Bd5 Kd6 46. Bxf7 Nf6
47. Bg6 Rxb7 48. cxb7 Kc7 49. Kf3 Kb6 50. g4 Kc7 51. g5 hxg5 52. fxg5 Kd6
53. Bf7 Ke7 54. Ba2 Nh5 1/2-1/2

[Event "Volmac tournament, open section"]
[Site "Antwerp"]
[Date "1993.08.10"]
[Round "4"]
[White "Costello, Colin"]
[Black "Meulders, Richard"]
[Result "1/2-1/2"]
[WhiteElo "2135"]
[BlackElo "2310"]
[BlackTitle "FM"]
[Source "365chess.com"]

1. c4 e5 2. Nc3 Nf6 3. Nf3 Nc6 4. g3 d5 5. cxd5 Nxd5 6. Bg2 Nb6 7. O-O Be7
8. d3 O-O 9. Be3 Be6 10. Na4 e4 11. Ne1 exd3 12. Nxd3 Bd5 13. Bh3 Nb4 14. Nxb4
Bxb4 15. Nxb6 axb6 16. a3 Bc5 1/2-1/2

[Event "Volmac tournament, open section"]
[Site "Antwerp"]
[Date "1993.08.10"]
[Round "4"]
[White "Huzman, Alexander"]
[Black "Ruban, Vadim"]
[Result "1-0"]
[WhiteElo "2520"]
[BlackElo "2590"]
[WhiteTitle "GM"]
[BlackTitle "GM"]
[Source "365chess.com"]

1. d4 e6 2. c4 c5 3. d5 exd5 4. cxd5 d6 5. Nc3 g6 6. e4 a6 7. a4 Bg7 8. Bd3 Ne7
9. h4 h5 10. Bg5 Nd7 11. Nf3 Ne5 12. Nxe5 Bxe5 13. Qd2 O-O 14. O-O f5 15. Rfe1
Qc7 16. Bc4 Rf7 17. exf5 Nxf5 18. Rad1 Nd4 19. Rxe5 dxe5 20. Ne4 Kh7 21. d6 Qc6
22. Bxf7 Qxe4 23. Re1 Qg4 24. Bd5 Be6 25. Bxb7 Rb8 26. Be4 Rb3 27. f3 Rxf3
28. Qd1 Rb3 29. Qxg4 Bxg4 30. Bd5 Rb6 31. Rxe5 Rxd6 32. Re7+ Kh8 33. Bc4 Be6
34. Bf4 1-0

[Event "Volmac tournament, open section"]
[Site "Antwerp"]
[Date "1993.08.10"]
[Round "4"]
[White "Lau, Ralf"]
[Black "Khenkin, Igor"]
[Result "1/2-1/2"]
[WhiteElo "2510"]
[BlackElo "2570"]
[WhiteTitle "GM"]
[BlackTitle "GM"]
[Source "365chess.com"]

1. e4 c5 2. Nf3 e6 3. d4 cxd4 4. Nxd4 Nf6 5. Nc3 Nc6 6. Ndb5 Bb4 7. a3 Bxc3+
8. Nxc3 d5 9. exd5 exd5 10. Bd3 O-O 11. O-O d4 12. Ne2 Qd5 13. Re1 Re8 14. Nf4
Rxe1+ 15. Qxe1 Qe5 16. Bd2 Bd7 17. Qxe5 Nxe5 18. Ne2 1/2-1/2

[Event "Volmac tournament, open section"]
[Site "Antwerp"]
[Date "1993.08.10"]
[Round "4"]
[White "Murey, Yaacov"]
[Black "de Jager, Jaap"]
[Result "1-0"]
[WhiteElo "2530"]
[BlackElo "2215"]
[WhiteTitle "GM"]
[Source "365chess.com"]

1. e4 Nf6 2. e5 Nd5 3. d4 d6 4. c4 Nb6 5. f4 dxe5 6. fxe5 Nc6 7. Be3 Bf5 8. Nc3
e6 9. Nf3 Bg4 10. Be2 Qd7 11. c5 Nd5 12. Nxd5 Qxd5 13. Qa4 Qe4 14. Kf2 Bxc5
15. Rhc1 Bb6 16. h3 Bxf3 17. Bxf3 Qh4+ 18. g3 Qxh3 19. Rxc6 O-O 20. Rh1 Qf5
21. Rh5 Qg6 22. Rc1 Rad8 23. Rh4 c6 24. Rch1 f6 25. Be4 f5 26. Bf3 h6 27. Bh5
Qh7 28. Qc4 Kh8 29. Qxe6 f4 30. Rxf4 Qc2+ 31. Kf3 Bxd4 32. Bg6 Qc5 33. Be4 Rxf4+
34. Bxf4 1-0

[Event "Volmac tournament, open section"]
[Site "Antwerp"]
[Date "1993.08.10"]
[Round "4"]
[White "Ulibin, Mikhail"]
[Black "Hway Ik Oei"]
[Result "1-0"]
[WhiteElo "2560"]
[BlackElo "2245"]
[WhiteTitle "GM"]
[Source "365chess.com"]

1. d4 Nf6 2. c4 e6 3. g3 c5 4. d5 exd5 5. cxd5 d6 6. Nc3 g6 7. Bg2 Bg7 8. Nf3
O-O 9. O-O a6 10. a4 Nbd7 11. Bf4 Qe7 12. h3 h6 13. e4 g5 14. Bd2 Rb8 15. Rb1
Re8 16. Re1 Nh7 17. Qc1 Nhf8 18. Nd1 Ng6 19. Qc2 Nde5 20. Nh2 c4 21. Ne3 Nd3
22. Rf1 b5 23. axb5 axb5 24. b3 Nc5 25. bxc4 Nxe4 26. Rxb5 Nxd2 27. Qxd2 Bd7
28. Rxb8 Rxb8 29. Nf3 Qf6 30. Qd1 Rb2 31. Nd2 Qe5 32. c5 Qc3 33. Ndc4 Rb4 34. c6
Bc8 35. Nxd6 Ba6 36. Re1 Ne5 37. Qc1 Qb3 38. c7 Nd3 39. c8=Q+ Bxc8 40. Qxc8+ Bf8
41. Rf1 1-0

[Event "Volmac tournament, open section"]
[Site "Antwerp"]
[Date "1993.08.10"]
[Round "4"]
[White "Wojtkiewicz, Aleksandar"]
[Black "Har-Zvi, Ronen"]
[Result "1-0"]
[WhiteElo "2570"]
[BlackElo "2505"]
[WhiteTitle "GM"]
[BlackTitle "IM"]
[Source "365chess.com"]

1. Nf3 Nf6 2. c4 g6 3. g3 Bg7 4. Bg2 O-O 5. d4 d6 6. O-O Nbd7 7. Nc3 e5 8. e4
c6 9. b3 a6 10. Qc2 exd4 11. Nxd4 Re8 12. Bf4 Ne5 13. Rad1 Qe7 14. Bc1 Ned7
15. h3 Rb8 16. Rfe1 c5 17. Nf3 b5 18. cxb5 axb5 19. Bf1 b4 20. Nb5 Rb6 21. Bf4
Ne5 22. Nxe5 dxe5 23. Be3 Bf8 24. a4 bxa3 25. Nxa3 Qb7 26. Nc4 Rxb3 27. Bg5 Nh5
28. Na5 Rb2 29. Qa4 1-0

[Event "Volmac tournament, open section"]
[Site "Antwerp"]
[Date "1993.08.11"]
[Round "5"]
[White "Dibyendu Barua"]
[Black "Rozentalis, Eduardas"]
[Result "0-1"]
[WhiteElo "2510"]
[BlackElo "2600"]
[WhiteTitle "GM"]
[BlackTitle "GM"]
[Source "365chess.com"]

1. e4 e6 2. d4 d5 3. exd5 exd5 4. Bd3 Bd6 5. Qf3 Ne7 6. c3 Nd7 7. Ne2 c6 8. Ng3
O-O 9. O-O f5 10. c4 Nf6 11. cxd5 cxd5 12. Nc3 Ne4 13. Nge2 a6 14. Bc2 Be6
15. Bb3 Rc8 16. Qd3 Nxc3 17. Nxc3 f4 18. Qf3 Kh8 19. Re1 Qd7 20. Bd2 Nc6
21. Bxd5 Nxd4 22. Qe4 Bxd5 23. Nxd5 Bc5 24. Nxf4 Nc2 25. Bc3 Nxa1 26. Rxa1 Rce8
27. Ng6+ hxg6 28. Qh4+ Kg8 29. Qc4+ Qe6 30. Qxc5 Rf7 31. h3 Rc8 32. Qd4 Rd7
33. Qh4 Rc4 34. Qg3 Re4 35. a3 Kh7 36. Rf1 Qc4 37. f3 Re2 38. f4 Rd3 39. Qg5 Qe4
40. Kh2 Qf5 41. Qg4 Ree3 42. Qh4+ Kg8 43. Rf2 Rd1 44. Bd2 Re8 45. Qg4 Qb1
46. Qd7 Qe4 47. Qg4 Qb1 48. Qd7 Rh1+ 49. Kg3 Qe4 50. Bc3 Re7 51. Qd8+ Kh7 52. a4
g5 53. Qf8 gxf4+ 54. Rxf4 Qe3+ 55. Kh4 Rf1 56. g3 Rxf4+ 57. gxf4 Qe6 58. Be5
Qh6+ 59. Kg4 Qg6+ 60. Kh4 Rd7 61. f5 Qc6 62. Bc3 Qe4+ 63. Kh5 Rc7 0-1

[Event "Volmac tournament, open section"]
[Site "Antwerp"]
[Date "1993.08.11"]
[Round "5"]
[White "de Jager, Jaap"]
[Black "Vaisser, Anatoly"]
[Result "0-1"]
[WhiteElo "2215"]
[BlackElo "2580"]
[BlackTitle "GM"]
[Source "365chess.com"]

1. e4 e6 2. d4 d5 3. e5 c5 4. c3 Nc6 5. Nf3 Bd7 6. Bd3 cxd4 7. cxd4 Qb6 8. O-O
Nxd4 9. Nxd4 Qxd4 10. Qe2 Ne7 11. Nc3 Nc6 12. Be3 Qxe5 13. f4 Qd6 14. f5 e5
15. Rad1 Be7 16. Bc4 d4 17. Ne4 Qc7 18. Bxf7+ Kd8 19. Bg5 Bxg5 20. Nxg5 Kc8
21. Be6 Kb8 22. b4 a6 23. Rb1 Re8 24. a4 h6 25. Ne4 Bxe6 26. fxe6 Rxe6 27. Rfc1
Qd8 28. Qc4 Re7 29. b5 Na5 30. Qc5 axb5 31. axb5 b6 32. Qb4 Raa7 33. Nd6 Rac7
34. Rf1 Rc5 35. Ne4 Rc4 36. Qa3 d3 37. Nd6 Rc5 38. Qxd3 Rd7 39. Rbd1 Nb7 40. Ra1
Rxd6 41. Qa3 Na5 0-1

[Event "Volmac tournament, open section"]
[Site "Antwerp"]
[Date "1993.08.11"]
[Round "5"]
[White "Hergott, Deen"]
[Black "Lau, Ralf"]
[Result "0-1"]
[WhiteElo "2430"]
[BlackElo "2510"]
[WhiteTitle "IM"]
[BlackTitle "GM"]
[Source "365chess.com"]

1. d4 d5 2. Nf3 c6 3. c4 e6 4. e3 Nf6 5. Nc3 Nbd7 6. Qc2 Bd6 7. Be2 O-O 8. O-O
dxc4 9. Bxc4 Qe7 10. a3 e5 11. h3 Bb8 12. Bd2 h6 13. Ba2 Re8 14. Nh4 Nf8 15. Ne2
exd4 16. Bb4 Qc7 17. f4 dxe3 18. Nf5 Be6 19. Bc3 Bxf5 20. Qxf5 Qd7 21. Qc2 Ne4
22. Rad1 Qe7 23. Be5 Nd2 24. Rfe1 Bxe5 25. fxe5 Qxe5 26. Nc3 Rad8 27. Re2 Qg3
28. Kh1 Ng6 29. Qf5 Re7 30. Rde1 Nf4 31. Qc5 Nxe2 0-1

[Event "Volmac tournament, open section"]
[Site "Antwerp"]
[Date "1993.08.11"]
[Round "5"]
[White "Lputian, Smbat Gariginovich"]
[Black "Murey, Yaacov"]
[Result "1-0"]
[WhiteElo "2565"]
[BlackElo "2530"]
[WhiteTitle "GM"]
[BlackTitle "GM"]
[Source "365chess.com"]

1. d4 Nf6 2. c4 c6 3. Nc3 d5 4. e3 g6 5. Nf3 Bg7 6. h3 O-O 7. Bd3 a6 8. O-O b5
9. cxd5 cxd5 10. b4 Nc6 11. Rb1 Qd6 12. a4 bxa4 13. Ba3 Bd7 14. Qc1 Qb8 15. b5
axb5 16. Bxb5 Qc8 17. Nxa4 Nxd4 18. Nxd4 Bxb5 19. Rxb5 Rxa4 20. Bxe7 Re8
21. Qxc8 Rxc8 22. Nf3 h5 23. Bxf6 Bxf6 24. Rxd5 Rca8 25. g3 Ra1 26. Rxa1 Rxa1+
27. Kg2 Kg7 28. h4 Rc1 29. Nd2 Rd1 30. Kf3 Bc3 31. Ke2 Ra1 32. Ne4 Ra2+ 33. Kf1
Bb4 34. Rd7 Kf8 35. Rb7 Be7 36. Kg2 Rc2 37. Kf3 Rc4 38. Nd2 Rc2 39. Ke2 Ra2
40. f4 f5 41. Kd3 Ra1 42. Rb6 Kg7 43. Rb7 Kf8 44. Rb8+ Kg7 45. Nf3 Ra3+ 46. Kd4
Bf6+ 47. Ne5 Ra4+ 48. Kd5 Ra5+ 49. Kd6 Ra6+ 50. Nc6 Ra3 51. Rb7+ Kh6 52. Ke6 Bg7
53. Kf7 Rxe3 54. Nd8 Bd4 55. Ne6 Rxe6 56. Kxe6 Bf2 57. Kf7 Kh7 58. Rb3 Bc5
59. Rb2 1-0

[Event "Volmac tournament, open section"]
[Site "Antwerp"]
[Date "1993.08.11"]
[Round "5"]
[White "Nijboer, Friso"]
[Black "Savchenko, Stanislav"]
[Result "1/2-1/2"]
[WhiteElo "2555"]
[BlackElo "2530"]
[WhiteTitle "GM"]
[BlackTitle "GM"]
[Source "365chess.com"]

1. e4 c6 2. c4 d5 3. exd5 cxd5 4. cxd5 Nf6 5. Nc3 Nxd5 6. Nf3 Nc6 7. d4 Bg4
8. Qb3 Bxf3 9. gxf3 e6 10. Qxb7 Nxd4 11. Bb5+ Nxb5 12. Qc6+ Ke7 13. Qxb5 Qd7
14. Nxd5+ Qxd5 15. Qxd5 exd5 16. Bd2 Ke6 17. O-O-O Rd8 18. Rhe1+ Kf5 19. Be3 Rd7
20. Rd4 Bc5 21. Rf4+ Ke5 22. Rg4 Bxe3+ 23. fxe3 Rc8+ 24. Kb1 f5 25. Rd4 g5
26. Rg1 h6 27. Rgd1 a5 28. h4 f4 29. e4 Rcd8 30. hxg5 hxg5 31. Kc2 g4 32. fxg4
Rc7+ 33. Kb1 Rc5 34. g5 f3 35. g6 Rc6 36. g7 Rg6 37. exd5 f2 38. Rh4 Rxg7
39. Rhh1 Rdg8 40. Rhf1 Rf7 41. Kc2 Ke4 42. Rd2 Ke3 43. d6 a4 44. a3 Rg1 45. d7
Rxd7 46. Rdxf2 Rc7+ 47. Kb1 Rxf1+ 48. Rxf1 Rc4 49. Rh1 Kd4 50. Rh5 Kd3 51. b3
axb3 52. Kb2 Rc8 53. Rh4 Rc4 54. Rh3+ Kd4 55. Kxb3 Rc1 56. Kb4 Rb1+ 57. Ka5 Kc5
58. a4 Rb8 59. Rc3+ Kd6 60. Rc4 Kd7 61. Ka6 Rb1 62. a5 Kd6 63. Ka7 Kd7 64. Rh4
Kc8 65. Rh6 Rb7+ 66. Ka6 Rb2 67. Rb6 Re2 68. Ka7 Kc7 69. Rb5 Rc2 70. a6 Rc1
71. Rb2 Kc8 72. Rh2 Rb1 73. Rh8+ Kc7 74. Rh7+ Kc8 75. Rb7 Ra1 76. Rb5 Rc1
1/2-1/2

[Event "Volmac tournament, open section"]
[Site "Antwerp"]
[Date "1993.08.11"]
[Round "5"]
[White "Ruban, Vadim"]
[Black "Docx, Stefan"]
[Result "0-1"]
[WhiteElo "2590"]
[BlackElo "2215"]
[WhiteTitle "GM"]
[Source "365chess.com"]

1. d4 Nf6 2. c4 c5 3. d5 b5 4. cxb5 a6 5. e3 axb5 6. Bxb5 Qa5+ 7. Nc3 Bb7
8. Ne2 Nxd5 9. O-O e6 10. e4 Nxc3 11. Nxc3 Be7 12. Bf4 O-O 13. Re1 Qb6 14. Qh5
g6 15. Qh6 f6 16. Rad1 Bc6 17. Bxc6 Qxc6 18. Nd5 Bd8 19. Bd6 Rf7 20. Nf4 Bc7
21. e5 fxe5 22. Bxe5 Bxe5 23. Rxe5 Qa4 24. b3 Qxf4 25. Qxf4 Rxf4 26. Rxc5 Rxa2
27. Rc8+ Rf8 0-1

[Event "Volmac tournament, open section"]
[Site "Antwerp"]
[Date "1993.08.11"]
[Round "5"]
[White "Tukmakov, Vladimir Borisovich"]
[Black "Huzman, Alexander"]
[Result "1/2-1/2"]
[WhiteElo "2600"]
[BlackElo "2520"]
[WhiteTitle "GM"]
[BlackTitle "GM"]
[Source "365chess.com"]

1. Nf3 Nf6 2. c4 g6 3. Nc3 d5 4. cxd5 Nxd5 5. Qb3 Nb6 6. d4 Bg7 7. Bg5 h6
8. Bh4 Be6 9. Qc2 c5 10. dxc5 Nd5 11. Nxd5 Qxd5 12. e4 Qc6 13. Rc1 O-O 14. b4
Nd7 15. Bc4 g5 16. Bg3 a5 17. b5 Qxc5 18. Bxe6 Qb4+ 19. Nd2 fxe6 20. O-O Ne5
21. Qb3 Qxb3 22. Nxb3 Nd3 23. Rc7 a4 24. Nc1 Nf4 25. Bxf4 1/2-1/2

[Event "Volmac tournament, open section"]
[Site "Antwerp"]
[Date "1993.08.12"]
[Round "6"]
[White "Cifuentes Parada, Roberto"]
[Black "Docx, Stefan"]
[Result "1-0"]
[WhiteElo "2495"]
[BlackElo "2215"]
[WhiteTitle "GM"]
[Source "365chess.com"]

1. d4 Nf6 2. Nf3 g6 3. c4 Bg7 4. Nc3 d6 5. e4 O-O 6. Be3 c6 7. Be2 a6 8. O-O b5
9. Qc2 Nbd7 10. Rfd1 Bb7 11. a3 Qb8 12. h3 Rc8 13. b4 bxc4 14. Bxc4 c5 15. bxc5
dxc5 16. d5 Qc7 17. Rab1 Rab8 18. Ne2 Ne8 19. Bf4 Nd6 20. a4 Qa5 21. Ba2 Ba8
22. e5 Nf5 23. Rxb8 Rxb8 24. g4 Nd4 25. Nexd4 cxd4 26. e6 d3 27. Qc7 1-0

[Event "Volmac tournament, open section"]
[Site "Antwerp"]
[Date "1993.08.12"]
[Round "6"]
[White "Flear, Glenn Curtis"]
[Black "Reilly, Timothy"]
[Result "1-0"]
[WhiteElo "2500"]
[BlackElo "2315"]
[WhiteTitle "GM"]
[Source "365chess.com"]

1. d4 d6 2. e4 Nf6 3. Nc3 g6 4. f3 c6 5. Be3 b5 6. Qd2 Nbd7 7. g4 Nb6 8. b3 a5
9. Rd1 b4 10. Nce2 h5 11. g5 Nh7 12. Bg2 e6 13. f4 d5 14. Nf3 Qc7 15. Ne5 Be7
16. O-O Nf8 17. c4 dxe4 18. Bxe4 Bb7 19. Nc1 Nfd7 20. Ncd3 Rc8 21. Nxg6 fxg6
22. Bxg6+ Kd8 23. Ne5 Nxe5 24. dxe5+ Nd5 25. cxd5 exd5 26. f5 Rg8 27. Bf7 Rf8
28. e6 c5 29. f6 d4 30. Bxd4 1-0